Formula 1 - Drivers & Constructors Championships - Statistiques

Statistiques générales
  • Ce quiz a été pris 991 fois
  • Le résultat moyen est 97 sur 142
Statistiques - réponses
Hint Réponse % Correct
2008 | 2014 | 2015 | +4 others Lewis Hamilton
96%
2021 | 2022 | 2023 | 2024 Max Verstappen
96%
1961 | 1964 | 1975 | +13 others Ferrari
93%
1974 | 1984 | 1985 | +6 others McLaren
93%
2014 | 2015 | 2016 | +5 others Mercedes
93%
2010 | 2011 | 2012 | +3 others Red Bull
93%
2010 | 2011 | 2012 | 2013 Sebastian Vettel
88%
2005 | 2006 Fernando Alonso
86%
1994 | 1995 | 2000 | +4 others Michael Schumacher
86%
1988 | 1990 | 1991 Ayrton Senna
84%
2016 Nico Rosberg
84%
1985 | 1986 | 1989 | 1993 Alain Prost
82%
2005 | 2006 Renault
78%
1982 Keke Rosberg
77%
1980 | 1981 | 1986 | +6 others Williams
77%
2007 Kimi Räikkönen
73%
2009 Jenson Button
71%
1997 Jacques Villeneuve
60%
1975 | 1977 | 1984 Niki Lauda
57%
1951 | 1954 | 1955 | +2 others Juan Manuel Fangio
55%
1998 | 1999 Mika Häkkinen
55%
1996 Damon Hill
52%
1962 | 1968 Graham Hill
51%
1961 Phil Hill
49%
2009 Brawn
47%
1963 | 1965 | 1968 | +4 others Lotus
47%
1981 | 1983 | 1987 Nelson Piquet
46%
1992 Nigel Mansell
43%
1952 | 1953 Alberto Ascari
41%
1976 James Hunt
41%
1995 Benetton
40%
1950 Giuseppe Farina
38%
1966 | 1967 Brabham
32%
1972 | 1974 Emerson Fittipaldi
32%
1959 | 1960 | 1966 Jack Brabham
32%
1969 | 1971 | 1973 Jackie Stewart
31%
1963 | 1965 Jim Clark
25%
1980 Alan Jones
23%
1979 Jody Scheckter
22%
1978 Mario Andretti
22%
1964 John Surtees
18%
1970 Jochen Rindt
17%
1971 Tyrrell
16%
1967 Denny Hulme
15%
1958 Mike Hawthorn
14%
1959 | 1960 Cooper
11%
1962 BRM
9%
1969 Matra
7%
1958 Vanwall
7%
Aucun quiz correspondant
Distribution des résultats
% des personnes avec chaque résultat
Percentile par nombre de réponses
Votre historique - résultats
Vous n’avez pas pris ce quiz